Alternating-current and transient circuit analysis

Sábháilte in:
Sonraí bibleagrafaíochta
Príomhchruthaitheoir: Thompson, Harris A.
Formáid: LEABHAR
Teanga:English
Foilsithe / Cruthaithe: New York, McGraw-Hill, 1955.
Sraith:McGraw-Hill electrical and electronic engineering series
Ábhair:
Clibeanna: Cuir clib leis
Níl clibeanna ann, Bí ar an gcéad duine le clib a chur leis an taifead seo!

MARC

LEADER 00000nam a2200000Ia 4500
003 005265
005 20221231143941.0
008 140114s1955 nyua 000 ||eng d
040 |c cru CEDI 
082 |a 621.319.13 T468a 
100 |a Thompson, Harris A.  |9 20743 
245 |a Alternating-current and transient circuit analysis 
260 |a New York, McGraw-Hill,   |c 1955. 
300 |a xiv, 317 páginas. ilustraciones. 24 cm.  |e  Folleto de respuestas a los problemas del capítulo 2 
440 |a McGraw-Hill electrical and electronic engineering series  |9 18688 
650 |x INGENIERIA ELECTRICA  |x ENERGIA ELECTRICA - PRODUCCION   |x ELECTRICIDAD - MEDICIONES   |x DISTRIBUCION DE ENERGIA ELECTRICA   |x CORRIENTE ALTERNA  |9 20745 
942 |2 ddc  |c BK 
999 |c 14693  |d 14693